Southville International School and Colleges
Your cart is empty.
  • Cart
  • Lists
    Public lists Eva Luna New books Lux_list list_1
    Your lists Log in to create your own lists
  • Log in to your account
  • Your cookies
  • Search history
Southville International School and Colleges
  • Advanced search
  • Recent comments
  • Most popular
  • Libraries

Log in to your account

Log in with GOOGLE


If you do not have an external account, but do have a local account, you can still log in:

  1. Home
  2. MARC view: Manwal para sa mga CBR worker at caregiver /
Normal view MARC view ISBD view

Manwal para sa mga CBR worker at caregiver / (Record no. 291572)

[ view plain ]
MARC details
000 -LEADER
fixed length control field 00880nam a2200253Ia 4500
008 - FIXED-LENGTH DATA ELEMENTS--GENERAL INFORMATION
fixed length control field 160319s9999 xx 000 0 und d
020 ## - INTERNATIONAL STANDARD BOOK NUMBER
International Standard Book Number 971-584-376-X
050 ## - LIBRARY OF CONGRESS CALL NUMBER
Classification number FIL RA 541.P6
050 ## - LIBRARY OF CONGRESS CALL NUMBER
Item number .M34 2004 c.1
100 ## - MAIN ENTRY--PERSONAL NAME
Personal name Magallona, Ma. Lucia Mirasol.
245 ## - TITLE STATEMENT
Title Manwal para sa mga CBR worker at caregiver /
245 ## - TITLE STATEMENT
Statement of responsibility, etc Ma. Lucia Mirasol Magallona.
260 ## - PUBLICATION, DISTRIBUTION, ETC. (IMPRINT)
Place of publication, distribution, etc Quezon City:
260 ## - PUBLICATION, DISTRIBUTION, ETC. (IMPRINT)
Name of publisher, distributor, etc C & E Pub. Inc.,
260 ## - PUBLICATION, DISTRIBUTION, ETC. (IMPRINT)
Date of publication, distribution, etc 2004
300 ## - PHYSICAL DESCRIPTION
Extent 209 pages :
300 ## - PHYSICAL DESCRIPTION
Other physical details illustrations ;
300 ## - PHYSICAL DESCRIPTION
Dimensions 26 cm.
650 ## - SUBJECT ADDED ENTRY--TOPICAL TERM
Topical term or geographic name as entry element Volunteer workers in community health services -- Philippines -- Handbooks, manuals, etc
650 ## - SUBJECT ADDED ENTRY--TOPICAL TERM
Topical term or geographic name as entry element Volunteer workers in rehabilitation -- Philippines -- Handbooks, manuals, etc.
650 ## - SUBJECT ADDED ENTRY--TOPICAL TERM
General subdivision .
650 ## - SUBJECT ADDED ENTRY--TOPICAL TERM
General subdivision Caregivers -- Philippines -- Handbooks, manuals, etc.
650 ## - SUBJECT ADDED ENTRY--TOPICAL TERM
General subdivision Rehabilitation -- Philippines -- Handbooks, manuals, etc.
Holdings
Withdrawn status Lost status Damaged status Home library Current library Shelving location Date acquired Cost, normal purchase price Total Checkouts Full call number Barcode Date last seen Price effective from Koha item type
      South Mansfield College South Mansfield College Filipiniana Section   200.00   FIL RA 541.P6 .M34 2004 c.1 SMC00009 03/19/2016 03/19/2016  

Manwal para sa mga CBR worker at caregiver /

APA

Magallona M. L. M., .Manwal para sa mga CBR worker at caregiver. Quezon City: .

Chicago

Magallona Ma Lucia Mirasol, .Manwal para sa mga CBR worker at caregiver. Quezon City: .

Harvard

Magallona M. L. M., .Manwal para sa mga CBR worker at caregiver. Quezon City: .

MLA

Magallona Ma Lucia Mirasol, .Quezon City: . .

  • Place hold
  • Print
  • Cite
  • Add to your cart (remove)
  • Save record
    BIBTEX Dublin Core MARCXML MARC (non-Unicode/MARC-8) MARC (Unicode/UTF-8) MARC (Unicode/UTF-8, Standard) MODS (XML) RIS
  • More searches
    Search for this title in:
    Other Libraries (WorldCat) Other Databases (Google Scholar) Online Stores (Bookfinder.com) Open Library (openlibrary.org)

Exporting to Dublin Core...

SOUTHVILLE LIBRARY

Southville International School and Colleges Library

1281 Tropical Ave. Cor. Luxembourg St., BF Homes International, Las Pinas City

Tel. No. 8256374 / 252358 Loc. 117/146

Powered by Koha